00000000nam 2200000zi 4500
0019.954224
003CaOODSP
00520250819151523
006m     o  d f      
007cr cn ||||||||
008250818s2021    oncda   o    f000 0 eng d
040 |aCaOODSP|beng|erda|cCaOODSP
043 |an-cn---
0861 |aT22-344/2021E-PDF
24500|aFive-year strategic plan review, 2016-2021 / |cShip-source Oil Pollution Fund.
264 1|a[Ottawa] : |bShip-source Oil Pollution Fund = Caisse d'indemnisation des dommages dus à la pollution par les hydrocarbures causée par les navires, |c[2021]
300 |a1 online resource (37 pages) : |bcharts, illustrations
336 |atext|btxt|2rdacontent
337 |acomputer|bc|2rdamedia
338 |aonline resource|bcr|2rdacarrier
500 |aIssued also in French under title: Revue quinquennale du plan stratégique, 2016-2021.
500 |aCover title.
61020|aShip-source Oil Pollution Fund (Canada)
650 0|aStrategic planning|zCanada.
7102 |aShip-source Oil Pollution Fund (Canada), |eissuing body.
77508|tRevue quinquennale du plan stratégique, 2016-2021 / |w(CaOODSP)9.954223
85640|qPDF|s2.13 MB|uhttps://publications.gc.ca/collections/collection_2025/cidphn-sopf/T22-344-2021-eng.pdf